Мотивация и оплата труда. Инструменты. Методики. Практика

Detalhes bibliográficos
Autor principal: Ветлужских Е. Н. Елена Н.
Resumo:Данная книга предлагает методы для совершенствования системы оплаты труда и мотивации. Автор — известный бизнес-тренер и консультант Елена Ветлужских — адаптирует успешные западные методики к российской специфике и на основе своего консалтингового опыта предлагает рекомендации и оправдавшие себя методы решений, которые можно применить при совершенствовании системы оплаты труда в вашей компании. Отдельная глава посвящена нематериальной мотивации и важности индивидуального подхода, в особенности к ценным и талантливым сотрудникам. Книга адресована директорам и менеджерам по персоналу, специалистам по компенсациям, экономистам.
Idioma:russo
Publicado em: Москва, Альпина Бизнес Букс, 2008
Edição:3-е изд.
Assuntos:
Formato: MixedMaterials Livro
KOHA link:https://koha.lib.tpu.ru/cgi-bin/koha/opac-detail.pl?biblionumber=161408

MARC

LEADER 00000nam0a2200000 4500
001 161408
005 20231101222243.0
010 |a 9785961409000 
035 |a (RuTPU)RU\TPU\book\175027 
090 |a 161408 
100 |a 20090608d2008 km y0rusy50 ca 
101 0 |a rus 
102 |a RU 
105 |a a z 001zy 
200 1 |a Мотивация и оплата труда. Инструменты. Методики. Практика  |f Е. Н. Ветлужских 
205 |a 3-е изд. 
210 |a Москва  |c Альпина Бизнес Букс  |d 2008 
215 |a 148 с.  |c табл. 
320 |a Библиогр.: с. 147-148. 
330 |a Данная книга предлагает методы для совершенствования системы оплаты труда и мотивации. Автор — известный бизнес-тренер и консультант Елена Ветлужских — адаптирует успешные западные методики к российской специфике и на основе своего консалтингового опыта предлагает рекомендации и оправдавшие себя методы решений, которые можно применить при совершенствовании системы оплаты труда в вашей компании. Отдельная глава посвящена нематериальной мотивации и важности индивидуального подхода, в особенности к ценным и талантливым сотрудникам. Книга адресована директорам и менеджерам по персоналу, специалистам по компенсациям, экономистам. 
606 1 |a Заработная плата  |2 stltpush  |3 (RuTPU)RU\TPU\subj\11361  |9 38308 
610 1 |a труд 
610 1 |a оплата 
610 1 |a персонал 
610 1 |a мотивации 
610 1 |a совокупные доходы 
610 1 |a премии 
610 1 |a премирование 
610 1 |a вознаграждение 
610 1 |a депремирование 
610 1 |a компенсационные выплаты 
610 1 |a доплаты 
610 1 |a надбавки 
610 1 |a таланты 
610 1 |a нематериальная мотивация 
610 1 |a Performance Management 
686 |a У9(2)245  |v LBC/SL-A  |2 rubbk 
700 1 |a Ветлужских  |b Е. Н.  |g Елена Н. 
801 1 |a RU  |b 63413507  |c 20090608  |g PSBO 
801 2 |a RU  |b 63413507  |c 20150710  |g RCR 
900 |a Мотивация трудовой деятельности 
900 |a Мотивационный менеджмент 
942 |c BK 
959 |a 66/20090608  |d 2  |e 238,92  |f ЧЗГЛ:1  |f АНЛ:1